[Event "22nd Abu Dhabi Masters"]
[Site "Abu Dhabi UAE"]
[Date "2015.08.27"]
[Round "6.1"]
[White "Grandelius,N"]
[Black "Kravtsiv,M"]
[Result "1/2-1/2"]
[WhiteTitle "GM"]
[BlackTitle "GM"]
[WhiteElo "2628"]
[BlackElo "2599"]
[WhiteFideId "1710400"]
[BlackFideId "14113147"]
[EventDate "2015.08.23"]

1. c4 e6 2. Nc3 d5 3. d4 Be7 4. Bf4 Nf6 5. e3 O-O 6. Nf3 Nbd7 7. Be2 dxc4 8. O-O
a6 9. a4 c5 10. d5 exd5 11. Nxd5 Nxd5 12. Qxd5 Nf6 13. Qe5 Re8 14. Bxc4 Bf8 15.
Qc3 Be6 16. Rfd1 Qe7 17. Bxe6 Qxe6 18. Ng5 Qc6 19. Qc4 Re7 20. Rd6 Qe8 21. Qc2
Rxe3 22. Rdd1 Re7 23. Qxc5 Rd8 24. Qc2 Rxd1+ 25. Qxd1 Re2 26. Rb1 h6 27. Kf1
hxg5 28. Qxe2 gxf4 29. Qxe8 Nxe8 30. Ke2 Bd6 31. b4 Nc7 32. Rd1 Bxb4 33. Rd8+
Bf8 34. Rd7 Ne6 35. Rxb7 a5 36. Rb8 Kh7 37. Kd3 Bb4 38. Kc4 Be1 39. Rb5 g5 40.
Re5 Bb4 41. Rb5 Kg6 42. Rxb4 axb4 43. Kxb4 Kf5 44. a5 Ke5 45. Kb5 Kd5 46. Kb6
Nc5 47. Kb5 Kd6 48. Kb6 Nd7+ 49. Kb5 Kc7 50. Kc4 Ne5+ 51. Kd4 f3 52. gxf3 Nxf3+
53. Ke4 g4 54. Kf4 Nxh2 55. Kg3 Nf3 56. Kxg4 Nd4 57. Kg5 Kd7 58. Kf6 Ke8 59. a6
Nc6 60. Kg7 Ke7 61. f4 Ke6 62. f5+ Ke7 63. Kg8 Na7 64. Kg7 Nb5 65. Kg8 Na7 66.
Kg7 Nc6 67. Kg8 Na7 1/2-1/2

[Event "22nd Abu Dhabi Masters"]
[Site "Abu Dhabi UAE"]
[Date "2015.08.27"]
[Round "6.2"]
[White "Vaibhav,S"]
[Black "Rapport,R"]
[Result "0-1"]
[WhiteTitle "GM"]
[BlackTitle "GM"]
[WhiteElo "2552"]
[BlackElo "2671"]
[WhiteFideId "5045185"]
[BlackFideId "738590"]
[EventDate "2015.08.23"]

1. d4 Nf6 2. c4 e6 3. Nf3 c5 4. d5 d6 5. Nc3 exd5 6. cxd5 g6 7. e4 Bg7 8. Bd3 a6
9. h3 b5 10. O-O O-O 11. a3 Re8 12. Re1 Nbd7 13. Bf4 Qe7 14. Qd2 Qf8 15. b4 Bb7
16. Rab1 Rac8 17. Rbc1 Ne5 18. Be2 cxb4 19. axb4 Nc4 20. Bxc4 Rxc4 21. Qd3 Rxb4
22. Bxd6 Qxd6 23. e5 Qb6 24. exf6 Rxe1+ 25. Rxe1 Bxf6 26. Ne4 Kg7 27. Nxf6 Qxf6
28. Ne5 Qf4 29. Ng4 h5 30. Ne3 Rd4 31. Qc3 Qf6 32. Ra1 b4 33. Qc1 Bxd5 34. Ra5
Be4 35. Qb2 Kh7 36. Rxa6 Qxa6 37. Qxd4 b3 38. Qxe4 Qa1+ 39. Kh2 b2 40. Nc2 b1=Q 0-1

[Event "22nd Abu Dhabi Masters"]
[Site "Abu Dhabi UAE"]
[Date "2015.08.27"]
[Round "6.3"]
[White "Jobava,Ba"]
[Black "Swiercz,D"]
[Result "1/2-1/2"]
[WhiteTitle "GM"]
[BlackTitle "GM"]
[WhiteElo "2664"]
[BlackElo "2617"]
[WhiteFideId "13601520"]
[BlackFideId "1126881"]
[EventDate "2015.08.23"]

1. d4 Nf6 2. Nc3 d5 3. Bf4 e6 4. Nb5 Na6 5. a3 Be7 6. e3 O-O 7. Nf3 b6 8. c4 Bb7
9. Qc2 c6 10. Nc3 c5 11. Rd1 cxd4 12. Nxd4 Nc5 13. Be2 Qc8 14. O-O dxc4 15. Bxc4
a6 16. Rc1 b5 17. Ba2 Qe8 18. f3 Rc8 19. e4 Nfd7 20. Be3 Ne5 21. Rfd1 Nc4 22.
Bxc4 bxc4 23. Rb1 Bf6 24. Nde2 Qc6 25. Nd4 Qc7 26. Nce2 Nd3 27. b3 Ne5 28. b4
Rfd8 29. Nc3 Nd3 30. Nde2 Be5 31. h3 f5 32. b5 a5 33. b6 Qe7 34. Kh1 Qxa3 35.
Nb5 Qf8 36. Na7 Rc5 37. Nc3 Bd4 38. Bxd4 Rxd4 39. Nab5 Rd7 40. Nc7 Qf6 41. Rd2
h6 42. Re2 Kh7 43. Na4 Rc6 44. Nc3 Nb4 45. e5 Qd8 46. Nxe6 Rxe6 47. Qxf5+ Rg6
48. e6 Re7 49. h4 Bxf3 50. Qxf3 Rexe6 51. Rxe6 Qxh4+ 52. Kg1 Rxe6 53. Qf5+ Rg6
54. Ne4 c3 55. b7 c2 56. Rf1 Nc6 57. Rc1 Qd8 58. Rxc2 Qb6+ 59. Nc5 Nd4 60. Qe4
Nxc2 61. Qxc2 a4 62. Kh1 Qb4 63. Nd7 Qe1+ 64. Kh2 Qh4+ 65. Kg1 Qe1+ 1/2-1/2

[Event "22nd Abu Dhabi Masters"]
[Site "Abu Dhabi UAE"]
[Date "2015.08.27"]
[Round "6.4"]
[White "Areshchenko,A"]
[Black "Salem,AR"]
[Result "1-0"]
[WhiteTitle "GM"]
[BlackTitle "GM"]
[WhiteElo "2661"]
[BlackElo "2595"]
[WhiteFideId "14109530"]
[BlackFideId "9301348"]
[EventDate "2015.08.23"]

1. e4 c5 2. Nf3 d6 3. d4 cxd4 4. Nxd4 Nf6 5. Nc3 a6 6. f3 e5 7. Nb3 Be6 8. Be3
h5 9. Qd2 Nbd7 10. Nd5 Bxd5 11. exd5 g6 12. Be2 Qc7 13. Rc1 Bg7 14. O-O O-O 15.
c4 b6 16. Na1 h4 17. Nc2 Nh5 18. Rfd1 f5 19. Nb4 Kh7 20. Nc6 a5 21. Bd3 Rae8 22.
Bc2 Nc5 23. b3 Qf7 24. Rb1 h3 25. gxh3 Nf4 26. a3 Nxh3+ 27. Kh1 Qf6 28. b4 axb4
29. axb4 Nd7 30. Qg2 Nf4 31. Bxf4 exf4 32. Nd4 Re3 33. Ne6 Ra8 34. c5 Bh6 35. c6
Ne5 36. Nd4 Qf7 37. Qh3 Qf6 38. c7 Rc3 39. Nxf5 Rxc2 40. Nxh6 Kg7 41. Rbc1 Rxc1
42. Rxc1 Nd3 43. Ng4 Qg5 44. c8=Q Rxc8 45. Rxc8 1-0

[Event "22nd Abu Dhabi Masters"]
[Site "Abu Dhabi UAE"]
[Date "2015.08.27"]
[Round "6.5"]
[White "Iturrizaga,E"]
[Black "Kulaots,K"]
[Result "1/2-1/2"]
[WhiteTitle "GM"]
[BlackTitle "GM"]
[WhiteElo "2625"]
[BlackElo "2573"]
[WhiteFideId "3901211"]
[BlackFideId "4500261"]
[EventDate "2015.08.23"]

1. Nf3 c5 2. c4 Nc6 3. Nc3 Nf6 4. d4 cxd4 5. Nxd4 e6 6. a3 Bc5 7. Nb3 Bb6 8. Bf4
d5 9. e3 O-O 10. Be2 dxc4 11. Bxc4 Na5 12. Nxa5 Bxa5 13. b4 Bc7 14. Qxd8 Bxd8
15. O-O 1/2-1/2

[Event "22nd Abu Dhabi Masters"]
[Site "Abu Dhabi UAE"]
[Date "2015.08.27"]
[Round "6.6"]
[White "Pascua,H"]
[Black "Gupta,Ab"]
[Result "0-1"]
[WhiteTitle "IM"]
[BlackTitle "GM"]
[WhiteElo "2447"]
[BlackElo "2619"]
[WhiteFideId "5203953"]
[BlackFideId "5010608"]
[EventDate "2015.08.23"]

1. d4 Nf6 2. c4 g6 3. Nf3 Bg7 4. g3 O-O 5. Bg2 d6 6. O-O Nbd7 7. Nc3 e5 8. d5 a5
9. b3 Nc5 10. Ne1 e4 11. Be3 Ng4 12. Bd4 e3 13. fxe3 Nxe3 14. Bxe3 Bxc3 15. Rc1
Bg7 16. Nd3 Qe7 17. Bxc5 dxc5 18. e4 h5 19. Kh1 Re8 20. a4 Bg4 21. Qd2 Bd4 22.
Rce1 f6 23. Bf3 Bd7 24. Qh6 Qg7 25. Qxg7+ Kxg7 26. h4 Re7 27. Kg2 Rae8 28. Re2
b6 29. Rfe1 Kh6 30. Kh2 g5 31. hxg5+ fxg5 32. Rf1 Kg6 33. Ree1 Kh6 34. Re2 Bf5
35. Bg2 Bg6 36. Rd1 Kg7 37. Rf1 Rh8 38. Rd1 Rf8 39. e5 Bxd3 40. Rxd3 Rxe5 41.
Rxe5 Bxe5 42. Re3 Bd6 43. Kg1 g4 44. Bf1 Kg6 45. Kg2 Kg5 46. Be2 h4 47. gxh4+
Kxh4 48. Re4 Bf4 49. Re7 Rg8 50. Rf7 Bd6 51. Bd3 Re8 52. Rg7 Re3 53. Bf5 g3 54.
Bg4 Rxb3 55. Be2 Rb2 56. Kf3 Rb3+ 57. Ke4 Kh3 58. Bf3 Kh2 59. Rh7+ Kg1 60. Rh1+
Kf2 61. Rc1 Re3+ 0-1

[Event "22nd Abu Dhabi Masters"]
[Site "Abu Dhabi UAE"]
[Date "2015.08.27"]
[Round "6.8"]
[White "Akopian,Vl"]
[Black "Sumets,A"]
[Result "1-0"]
[WhiteTitle "GM"]
[BlackTitle "GM"]
[WhiteElo "2647"]
[BlackElo "2596"]
[WhiteFideId "13300032"]
[BlackFideId "14105500"]
[EventDate "2015.08.23"]

1. e4 c6 2. d4 d5 3. e5 Bf5 4. Nf3 e6 5. Be2 c5 6. Be3 cxd4 7. Nxd4 Ne7 8. Nd2
Nbc6 9. N2f3 Be4 10. O-O Ng6 11. Bb5 Bxf3 12. Qxf3 Qd7 13. c4 Ngxe5 14. Qg3 Ng6
15. cxd5 exd5 16. Rfe1 Be7 17. Rac1 Rc8 18. Nxc6 bxc6 19. Rxc6 Rxc6 20. Qb8+ 1-0

[Event "22nd Abu Dhabi Masters"]
[Site "Abu Dhabi UAE"]
[Date "2015.08.27"]
[Round "6.9"]
[White "Belous,V"]
[Black "Jones,G"]
[Result "1/2-1/2"]
[WhiteTitle "GM"]
[BlackTitle "GM"]
[WhiteElo "2566"]
[BlackElo "2647"]
[WhiteFideId "4174003"]
[BlackFideId "409561"]
[EventDate "2015.08.23"]

1. Nf3 c5 2. c4 Nc6 3. Nc3 g6 4. e3 Nf6 5. d4 cxd4 6. exd4 d5 7. cxd5 Nxd5 8.
Qb3 e6 9. Bb5 Bg7 10. Bg5 Qb6 11. Qa3 f6 12. Nxd5 exd5 13. Bxc6+ bxc6 14. O-O
Kf7 15. Rfe1 Bf8 16. Qe3 fxg5 17. Qe8+ Kg7 18. Re7+ Bxe7 19. Qxe7+ Kg8 20. Qe8+
Kg7 21. Qe7+ Kg8 22. Qe8+ Kg7 23. Qe7+ Kg8 1/2-1/2

[Event "22nd Abu Dhabi Masters"]
[Site "Abu Dhabi UAE"]
[Date "2015.08.27"]
[Round "6.10"]
[White "Kuzubov,Y"]
[Black "Esen,B"]
[Result "1-0"]
[WhiteTitle "GM"]
[BlackTitle "GM"]
[WhiteElo "2638"]
[BlackElo "2567"]
[WhiteFideId "14112906"]
[BlackFideId "6302114"]
[EventDate "2015.08.23"]

1. d4 Nf6 2. c4 g6 3. Nc3 Bg7 4. e4 d6 5. Nf3 O-O 6. Be2 e5 7. O-O Nc6 8. d5 Ne7
9. Ne1 Nd7 10. Be3 f5 11. f3 f4 12. Bf2 g5 13. Rc1 b6 14. b4 Ng6 15. Nd3 Nf6 16.
c5 Bd7 17. a4 h5 18. cxd6 cxd6 19. Nb5 Bxb5 20. axb5 Qd7 21. Be1 Rf7 22. Nf2 Bf8
23. Kh1 Bh6 24. Rc3 Kh7 25. Rg1 Rg8 26. Bd2 Kh8 27. Rc6 Nf8 28. g3 Ng6 29. gxf4
Nxf4 30. Bxf4 gxf4 31. Rxg8+ Nxg8 32. Bf1 Qe7 33. Bh3 Bf8 34. Be6 Rg7 35. Qf1
Qh4 36. Rc8 Be7 37. Nd3 Qg5 38. Nb2 Kh7 39. Nc4 Nh6 40. Rc6 Qf6 41. Nxd6 Bxd6
42. Rxd6 Qf8 43. Rc6 Qxb4 44. d6 Qd2 45. d7 Rxd7 46. Bxd7 Qxd7 47. Qg1 Ng4 48.
fxg4 Qd3 49. Rc1 Qxe4+ 50. Qg2 f3 51. Qc2 1-0

[Event "22nd Abu Dhabi Masters"]
[Site "Abu Dhabi UAE"]
[Date "2015.08.27"]
[Round "6.11"]
[White "Timofeev,Arty"]
[Black "Petrosian,TL"]
[Result "0-1"]
[WhiteTitle "GM"]
[BlackTitle "GM"]
[WhiteElo "2542"]
[BlackElo "2623"]
[WhiteFideId "4140419"]
[BlackFideId "13301616"]
[EventDate "2015.08.23"]

1. c4 e5 2. Nc3 Nf6 3. Nf3 Nc6 4. d3 Bb4 5. Bd2 O-O 6. g3 Nd4 7. Bg2 Nxf3+ 8.
Bxf3 c6 9. O-O h6 10. Rc1 Re8 11. Bg2 Bf8 12. Kh1 d6 13. e4 a6 14. f4 b5 15. b3
Bg4 16. Qe1 Bd7 17. Qf2 b4 18. Nd1 d5 19. f5 dxe4 20. dxe4 a5 21. c5 Bc8 22. Nb2
Ra7 23. h3 Rd7 24. Be3 Ba6 25. Rfe1 Be7 26. Bf3 Bd3 27. Qg2 Bb5 28. Kh2 Kh7 29.
Be2 Qa8 30. Nc4 Bxc4 31. Bxc4 Kg8 32. Rc2 Qd8 33. Qf3 Nh7 34. Ree2 Bg5 35. Bf2
Bd2 36. h4 Nf6 37. g4 h5 38. g5 Ng4+ 39. Kg2 Kf8 40. g6 fxg6 41. Be6 Rd3 42.
Rcxd2 Rxd2 43. fxg6+ Nf6 44. Bc4 Rxe2 45. Qxe2 Qd7 46. Be3 Rd8 47. Bg5 Qd1 48.
Qf2 Qg4+ 49. Kh2 Ke7 50. Be2 Qxe4 51. Bxh5 Rh8 52. Bf3 Qxg6 53. Qe3 Qf5 54. Bxc6
Kf7 55. Bf3 e4 56. Be2 Ng4+ 57. Bxg4 Qxg4 58. c6 Rc8 59. Qa7+ Kg8 60. Qd7 Qe2+
61. Kg3 Rf8 62. Qd6 0-1

[Event "22nd Abu Dhabi Masters"]
[Site "Abu Dhabi UAE"]
[Date "2015.08.27"]
[Round "6.12"]
[White "Ghaem Maghami,E"]
[Black "Gopal,G"]
[Result "1/2-1/2"]
[WhiteTitle "GM"]
[BlackTitle "GM"]
[WhiteElo "2609"]
[BlackElo "2562"]
[WhiteFideId "12500739"]
[BlackFideId "5015693"]
[EventDate "2015.08.23"]

1. Nf3 c5 2. c4 Nf6 3. d4 cxd4 4. Nxd4 e6 5. Nc3 d5 6. Bf4 Nc6 7. cxd5 Nxd5 8.
Nxc6 bxc6 9. Bd2 Bb4 10. Qc2 Rb8 11. g3 O-O 12. Bg2 Ba6 13. Be4 h6 14. O-O Bxc3
15. Bxc3 1/2-1/2

[Event "22nd Abu Dhabi Masters"]
[Site "Abu Dhabi UAE"]
[Date "2015.08.27"]
[Round "6.14"]
[White "Prohaszka,P2"]
[Black "Pakleza,Z"]
[Result "1-0"]
[WhiteTitle "GM"]
[BlackTitle "GM"]
[WhiteElo "2602"]
[BlackElo "2520"]
[WhiteFideId "726265"]
[BlackFideId "1119290"]
[EventDate "2015.08.23"]

1. d4 d5 2. c4 c6 3. Nf3 Nf6 4. Nc3 dxc4 5. a4 Bf5 6. e3 e6 7. Bxc4 Bb4 8. O-O
O-O 9. Qe2 Nbd7 10. e4 Bg6 11. Bd3 Bh5 12. e5 Nd5 13. Nxd5 cxd5 14. Qe3 Be7 15.
Ng5 Bxg5 16. Qxg5 Qxg5 17. Bxg5 Nb8 18. Bd2 Nc6 19. Bc3 Rfc8 20. a5 Bg6 21. Be2
Rc7 22. Rfe1 Rac8 23. h4 Be4 24. Bb5 Bf5 25. Re3 Ne7 26. Ra3 f6 27. h5 a6 28.
Ba4 Kf7 29. f3 h6 30. exf6 gxf6 31. g4 Bh7 32. Ra1 Nc6 33. Rae1 Re7 34. Bb3 Rd8
35. Kf2 f5 36. Kg3 Kf6 37. Ba4 Rc8 38. Kf4 fxg4 39. fxg4 Be4 40. Kg3 Kf7 41.
R3e2 Rg8 42. Rf2+ Ke8 43. Rf6 Kd7 44. Kh4 Reg7 45. Bd1 Ne7 46. Bd2 Bf5 47. gxf5
Nxf5+ 48. Rxf5 exf5 49. Bf3 Rg3 50. Rf1 Kc6 51. Bxh6 Kb5 52. Bf4 R3g7 53. Be5
Rd7 54. Rc1 Kxa5 55. Rc5+ Kb4 56. Rxd5 Rh7 57. Rd6 Rg1 58. Rb6+ Kc4 59. Rxb7 Rh6
60. Rg7 Rb1 61. Rg6 Rh7 62. Rxa6 Rxb2 63. Rf6 1-0

[Event "22nd Abu Dhabi Masters"]
[Site "Abu Dhabi UAE"]
[Date "2015.08.27"]
[Round "6.16"]
[White "Raetsky,A"]
[Black "Sjugirov,S"]
[Result "1/2-1/2"]
[WhiteTitle "GM"]
[BlackTitle "GM"]
[WhiteElo "2402"]
[BlackElo "2664"]
[WhiteFideId "4103203"]
[BlackFideId "4189302"]
[EventDate "2015.08.23"]

1. d4 Nf6 2. c4 g6 3. Nc3 d5 4. cxd5 Nxd5 5. e4 Nxc3 6. bxc3 Bg7 7. Qa4+ Nd7 8.
Nf3 O-O 9. Be2 Nf6 10. Qc2 c5 11. O-O cxd4 12. cxd4 Bg4 13. Be3 Rc8 14. Qb1 b6 1/2-1/2

[Event "22nd Abu Dhabi Masters"]
[Site "Abu Dhabi UAE"]
[Date "2015.08.27"]
[Round "6.17"]
[White "Vovk,Y"]
[Black "Horvath,Ad1"]
[Result "1-0"]
[WhiteTitle "GM"]
[BlackTitle "GM"]
[WhiteElo "2624"]
[BlackElo "2540"]
[WhiteFideId "14113171"]
[BlackFideId "708003"]
[EventDate "2015.08.23"]

1. d4 Nf6 2. c4 e6 3. Nf3 Bb4+ 4. Bd2 Qe7 5. g3 Bxd2+ 6. Qxd2 Nc6 7. Nc3 d5 8.
Bg2 dxc4 9. Ne5 Nxe5 10. dxe5 Nd7 11. f4 O-O 12. O-O-O Nb6 13. h4 Bd7 14. Bxb7
Rab8 15. Be4 Ba4 16. Bc2 Rfd8 17. Qe3 Bxc2 18. Rxd8+ Qxd8 19. Kxc2 Nd5 20. Qxa7
Rb6 21. Qa3 Ra6 22. Qc5 Rc6 23. Qf2 Rb6 24. Qf3 Qb8 25. Rb1 Qa8 26. h5 Rb8 27.
Nxd5 exd5 28. Qa3 Qc6 29. Rd1 h6 30. Rd2 Ra8 31. Qb4 Rxa2 32. e4 dxe4 33. Rd8+
Kh7 34. Qb8 Qa4+ 35. Kd2 e3+ 36. Kxe3 Qb3+ 37. Ke4 Qc2+ 38. Kf3 Qb3+ 39. Kg4
Qxb8 40. Rxb8 Ra5 41. Rf8 Rb5 42. Rxf7 Rxb2 43. Rxc7 Rc2 44. Kf5 c3 45. g4 Rc1
46. e6 Rc2 47. Rc8 1-0

[Event "22nd Abu Dhabi Masters"]
[Site "Abu Dhabi UAE"]
[Date "2015.08.27"]
[Round "6.18"]
[White "Rakhmanov,Ale"]
[Black "Bulmaga,I"]
[Result "1-0"]
[WhiteTitle "GM"]
[BlackTitle "IM"]
[WhiteElo "2620"]
[BlackElo "2393"]
[WhiteFideId "4173708"]
[BlackFideId "13903063"]
[EventDate "2015.08.23"]

1. c4 c5 2. Nc3 Nc6 3. Nf3 g6 4. e3 Bg7 5. d4 d6 6. d5 Ne5 7. Nd2 Nf6 8. Be2 O-O
9. O-O a6 10. a4 b6 11. h3 Ned7 12. f4 Rb8 13. Kh2 Ne8 14. Nde4 Ndf6 15. Ng5 Nc7
16. e4 e6 17. dxe6 Nxe6 18. Nxe6 fxe6 19. Be3 Bb7 20. Bf3 Qc7 21. Qd2 Rbd8 22.
Rad1 Kh8 23. Bf2 Nh5 24. Bxh5 gxh5 25. Bh4 Rd7 26. e5 Qc6 27. Rf2 Rff7 28. exd6
Bd4 29. Be7 Rg7 30. Re2 Be3 31. Qc2 Bxf4+ 32. Kh1 Rg6 33. Ne4 Kg7 34. Rf1 e5 35.
Nc3 Rdxd6 36. Bxd6 Qxd6 37. Nd5 Bxd5 38. cxd5 Qxd5 39. Rd1 Qc6 40. Qf5 Rd6 41.
Rf1 Rf6 42. Qxh5 Qxa4 43. Ref2 Qe4 44. Rd1 Rf7 45. Qg4+ Qg6 46. Qxg6+ hxg6 47.
Rd6 e4 48. Re6 e3 49. Rf3 Bg5 50. Rxf7+ Kxf7 51. Re4 b5 52. b3 a5 53. h4 Bf6 54.
Rxe3 Bxh4 55. Kg1 Bg5 56. Rf3+ Ke6 57. Kf1 Bf6 58. Ke2 Be5 59. Rf8 Kd5 60. Rd8+
Bd6 61. Ra8 Bc7 62. Ra7 Kc6 63. Ra6+ Bb6 64. Ra8 c4 65. bxc4 bxc4 66. Rg8 a4 67.
Kd2 Bd4 68. Kc2 a3 69. Ra8 Kd5 70. Rxa3 Be5 71. Ra6 g5 72. Rg6 Bf4 73. Kc3 Be5+
74. Kd2 Ke4 75. Ke2 c3 76. Rc6 Kf4 77. Rc5 Bf6 78. Rc8 Kg3 79. Kf1 Kf4 80. Rf8
Ke5 81. Ke2 g4 82. Kd3 Kf5 83. Ke3 Ke5 84. Rc8 Kf5 85. Rc5+ Be5 86. Rb5 g3 87.
Rc5 Ke6 88. Ke4 Kd6 89. Rd5+ Kc6 90. Rd1 Bg7 91. Rd8 Kc5 92. Rg8 Bf6 93. Rc8+
Kd6 94. Rc4 Be5 95. Ra4 Bg7 96. Ra6+ Kc5 97. Kd3 Be5 98. Rg6 Kd5 99. Rg5 Kd6
100. Rg6+ Kc5 101. Ra6 Kd5 102. Ra5+ Kd6 103. Rb5 Ke6 104. Rc5 Kd6 105. Kc4 Bf6
106. Rd5+ Ke6 107. Rd1 Be5 108. Rh1 Bf6 109. Rf1 Be5 110. Ra1 Kf5 111. Ra2 Ke6
112. Ra6+ Kf5 113. Kd5 Bf6 114. Rc6 Bg7 115. Rc7 Be5 116. Rf7+ Bf6 117. Rf8 Kg5
118. Ke4 Kg6 119. Rc8 Kf7 120. Kf4 Ke6 121. Kxg3 Kd5 122. Kf3 Kd4 123. Ke2 Bg5
124. Rc7 Bf4 125. Rd7+ Ke4 126. Re7+ Kd4 127. Kd1 Kd3 128. Rd7+ Ke3 129. Rf7 Ke4
130. Kc2 Bd2 131. Rf3 Kd4 132. Rf7 Ke4 133. g4 Ke5 134. Kd3 Ke6 135. Rf5 Be1
136. Ke4 Bd2 137. Rc5 Kf6 138. Rc6+ Kg5 139. Kf3 Be1 140. Rc5+ Kg6 141. g5 Kh5
142. Kf4 Bd2+ 143. Kf5 Bxg5 144. Rxc3 Kh4 145. Rc4+ Kh5 146. Rg4 1-0

[Event "22nd Abu Dhabi Masters"]
[Site "Abu Dhabi UAE"]
[Date "2015.08.27"]
[Round "6.19"]
[White "Debashis,D"]
[Black "Onischuk,V"]
[Result "1/2-1/2"]
[WhiteTitle "GM"]
[BlackTitle "GM"]
[WhiteElo "2489"]
[BlackElo "2618"]
[WhiteFideId "5024854"]
[BlackFideId "14114038"]
[EventDate "2015.08.23"]

1. d4 Nf6 2. c4 g6 3. Nc3 Bg7 4. e4 O-O 5. Nf3 d6 6. Be3 c6 7. Be2 Nbd7 8. O-O
e5 9. d5 c5 10. Ne1 Ne8 11. g4 h6 12. Qd2 Kh7 13. Kh1 Rh8 14. Rg1 Bf6 15. Nf3
Kg7 16. Rg2 Be7 17. Rag1 Ndf6 18. h3 Bd7 19. Bd3 Qc8 20. Nh2 g5 21. Nf1 h5 22.
gxh5 Nxh5 23. Bxg5 Bxg5 24. Qxg5+ Kf8 25. Ne2 Nef6 26. Rh2 Ke7 27. f4 Rg8 28.
Qh4 Rxg1+ 29. Kxg1 Qh8 30. fxe5 dxe5 31. Qf2 Rg8+ 32. Kh1 b6 33. b4 Kd6 34.
bxc5+ bxc5 35. Nd2 Ba4 36. Nb3 Bxb3 37. axb3 a5 38. Qe3 Qg7 39. Qf2 Qh6 40. Rg2
Rxg2 41. Kxg2 Qd2 42. Bb1 Qb4 43. Qe3 a4 44. Qc3 Nf4+ 45. Kf2 a3 46. Qxb4 cxb4
47. Nxf4 exf4 48. Kf3 Ke5 49. d6 Nd7 50. h4 Kxd6 51. h5 Ke7 52. h6 Kf6 53. Kxf4
Kg6 54. Ke3 Nc5 55. Ba2 Kxh6 56. Kd4 Ne6+ 57. Kd5 Kg5 58. c5 Kf4 59. Bb1 Ke3 60.
Kc4 a2 61. Bxa2 Kxe4 62. Bb1+ Ke5 63. Bd3 f5 64. Bf1 f4 65. Kxb4 Kd4 66. c6 f3
67. Kb5 Nc7+ 68. Kb6 Nd5+ 69. Kb7 Kc5 70. c7 Nxc7 1/2-1/2

[Event "22nd Abu Dhabi Masters"]
[Site "Abu Dhabi UAE"]
[Date "2015.08.27"]
[Round "6.20"]
[White "Kulkarni,R"]
[Black "Papp,Ga"]
[Result "0-1"]
[BlackTitle "GM"]
[WhiteElo "2368"]
[BlackElo "2601"]
[WhiteFideId "5037077"]
[BlackFideId "718602"]
[EventDate "2015.08.23"]

1. e4 e5 2. Nf3 Nc6 3. d4 exd4 4. Nxd4 Bc5 5. Be3 Qf6 6. c3 Nge7 7. Bc4 O-O 8.
Nxc6 Qxc6 9. Bxc5 Qxc5 10. Nd2 b5 11. Be2 Ng6 12. O-O Bb7 13. Re1 Rae8 14. Nb3
Qg5 15. Qxd7 Rxe4 16. Qxb5 Bd5 17. Bf3 Ne5 18. Bxe4 Bxe4 19. Qf1 Nf3+ 20. Kh1
Qf4 0-1

[Event "22nd Abu Dhabi Masters"]
[Site "Abu Dhabi UAE"]
[Date "2015.08.27"]
[Round "6.21"]
[White "Siva,Mahadevan"]
[Black "Gabuzyan,H"]
[Result "0-1"]
[BlackTitle "GM"]
[WhiteElo "2401"]
[BlackElo "2593"]
[WhiteFideId "25043153"]
[BlackFideId "13303732"]
[EventDate "2015.08.23"]

1. e4 c5 2. Nf3 d6 3. d4 cxd4 4. Nxd4 Nf6 5. Nc3 a6 6. Be2 e5 7. Nb3 Be7 8. O-O
O-O 9. Re1 Be6 10. Bf3 Nbd7 11. a4 Rc8 12. a5 Qc7 13. Be3 Rfd8 14. Re2 Nc5 15.
Rd2 h6 16. Nc1 Nh7 17. N1a2 Bg5 18. Bxg5 hxg5 19. Nb4 Nf6 20. Nbd5 Bxd5 21. Nxd5
Nxd5 22. Rxd5 b6 23. axb6 Qxb6 24. Ra2 g4 25. Bxg4 Nxe4 26. Qe2 Nf6 27. Bxc8
Nxd5 28. Bxa6 Nc3 29. bxc3 Qb1+ 30. Qf1 Qxa2 31. Bd3 Rb8 32. Bb5 Qb2 33. c4 Ra8 0-1

[Event "22nd Abu Dhabi Masters"]
[Site "Abu Dhabi UAE"]
[Date "2015.08.27"]
[Round "6.22"]
[White "Sandipan,C"]
[Black "Muradli,Mahammad"]
[Result "1-0"]
[WhiteTitle "GM"]
[BlackTitle "CM"]
[WhiteElo "2585"]
[BlackElo "2027"]
[WhiteFideId "5004225"]
[BlackFideId "13409301"]
[EventDate "2015.08.23"]

1. d4 Nf6 2. c4 g6 3. Nc3 Bg7 4. e4 d6 5. Be2 O-O 6. Bg5 c5 7. d5 Na6 8. Nf3 Nc7
9. O-O a6 10. a4 Bg4 11. h3 Bxf3 12. Bxf3 Nd7 13. Be2 Rb8 14. Qd2 Re8 15. f4 Bf6
16. Bh6 Na8 17. Kh1 Qa5 18. Qc2 Bd4 19. Bd3 Qd8 20. e5 dxe5 21. f5 e4 22. Bxe4
Qb6 23. a5 Qd6 24. Bd3 Bg7 25. Bxg7 Kxg7 26. Ne4 Qc7 27. d6 Qc6 28. dxe7 f6 29.
fxg6 hxg6 30. Ng3 Qc7 31. Ne2 Ne5 32. Nf4 Qd6 33. Bxg6 Rxe7 34. Rad1 Qc6 35.
Nh5+ Kh8 36. Be4 Qe8 37. Nxf6 1-0

[Event "22nd Abu Dhabi Masters"]
[Site "Abu Dhabi UAE"]
[Date "2015.08.27"]
[Round "6.23"]
[White "Soumya,Sw"]
[Black "Nevednichy,V"]
[Result "0-1"]
[WhiteTitle "WGM"]
[BlackTitle "GM"]
[WhiteElo "2325"]
[BlackElo "2549"]
[WhiteFideId "5016193"]
[BlackFideId "1205730"]
[EventDate "2015.08.23"]

1. e4 e6 2. d4 d5 3. Nc3 Bb4 4. e5 Qd7 5. Bd2 b6 6. Bb5 c6 7. Ba4 a5 8. a3 Bxc3
9. Bxc3 Ne7 10. Qh5 Ba6 11. h4 O-O 12. Rh3 Qc7 13. Nf3 b5 14. Bb3 c5 15. dxc5
Nbc6 16. Bd2 Nf5 17. Bf4 a4 18. Ba2 b4 19. axb4 Nxb4 20. Bb1 Qxc5 21. c3 Qc4 22.
Nd2 Qxf4 23. cxb4 Qxe5+ 24. Re3 Qxb2 25. Rea3 Qe5+ 0-1

[Event "22nd Abu Dhabi Masters"]
[Site "Abu Dhabi UAE"]
[Date "2015.08.27"]
[Round "6.24"]
[White "Shankland,S"]
[Black "Mahdavirad,M"]
[Result "1/2-1/2"]
[WhiteTitle "GM"]
[BlackTitle "FM"]
[WhiteElo "2655"]
[BlackElo "2271"]
[WhiteFideId "2004887"]
[BlackFideId "12502669"]
[EventDate "2015.08.23"]

1. d4 d5 2. c4 c6 3. Nc3 Nf6 4. e3 a6 5. Nf3 b5 6. b3 Bg4 7. Be2 e6 8. h3 Bb4 9.
Bd2 Bxf3 10. Bxf3 O-O 11. O-O Bxc3 12. Bxc3 Nbd7 13. Be2 Qb8 14. Qc2 Rc8 15.
Rfc1 h6 16. Ba5 c5 17. cxd5 Nxd5 18. Qd2 cxd4 19. Qxd4 Qe5 20. Qxe5 Nxe5 21. Kf1
f5 22. Bd2 Kf7 23. a4 Rxc1+ 24. Rxc1 Rb8 25. axb5 axb5 26. b4 Rb6 27. Rc5 Nc6
28. Bxb5 Ncxb4 29. Bc4 Ke7 30. g4 Kd6 31. Ra5 Nc6 32. Ra2 Rb1+ 33. Kg2 Rb6 34.
Bc1 Ne5 35. Bxd5 exd5 36. gxf5 Nc4 37. Kf3 Ke5 38. Kg4 Rb1 39. Rc2 Ke4 40. Rc3
Ne5+ 41. Kg3 Kxf5 42. f3 Rb4 43. Ba3 Ra4 44. Bf8 Ra7 45. Rb3 Rf7 46. Bc5 g5 47.
Bd4 Nc6 48. Bc3 Re7 49. Kf2 Ne5 50. Rb6 h5 51. Bd4 Rc7 52. Bxe5 Kxe5 53. Rb5
Rc2+ 54. Kg3 h4+ 55. Kg4 Rg2+ 56. Kh5 Rg3 57. e4 Rxf3 58. Rxd5+ 1/2-1/2